000 00625nam a2200217Ia 4500
003 OSt
005 20220928133710.0
006 a|||||r|||| 00| 0
007 ta
008 220927b |||||||| |||| 00| 0 eng d
024 _a45948
037 _cTextual
040 _aSDCL
_cSDCL
_beng
041 _2eng
_aeng
082 _aV2:11'N77t, L8.1-.3
100 _aIndia,Inquiry(Comm on)
_9486018
245 0 _aInterim report
_b Regarding Bansi Lal
260 _aNew Delhi
_bCommission of Inquiry
_c1978
942 _hV2:11'N77t, L8.1-.3
_cTEXL
_2CC
999 _c800213
_d800213